Explorando el sonido.
Guardado en:
| Formato: | |
|---|---|
| Series: | Educable
|
| Materias: | |
| Etiquetas: |
Agregar Etiqueta
Sin Etiquetas, Sea el primero en etiquetar este registro!
|
| LEADER | 00981ngm a22002775g 4500 | ||
|---|---|---|---|
| 001 | CEM.cems022458 | ||
| 008 | 130507b2000##################0###0#####d | ||
| 005 | 20241104154058.0 | ||
| 245 | 0 | 0 | |a Explorando el sonido. |
| 300 | |a 18'. | ||
| 490 | 0 | |a Educable | |
| 500 | |a En soporte VHS, consultar en ventanilla. | ||
| 505 | 0 | |a Naturaleza del sonido. Propagación del sonido por distintos materiales. Las ondas. Frecuencia: Hertz. Volumen: decibeles. El oído humano: características. Instrumentos musicales. Las frecuencias de la radio. | |
| 538 | |a Soporte: VHS - Norma: Pal N - Color: Si - Grabación DRD 2000 - Hitachi=1845 | ||
| 082 | 5 | 3 | |/ TVQ |
| 653 | |a FISICA | ||
| 653 | |a SONIDO | ||
| 653 | |a ONDAS | ||
| 653 | |a FRECUENCIA | ||
| 653 | |a HERTZ | ||
| 653 | |a DECIBELES | ||
| 653 | |a OIDO HUMANO | ||
| 653 | |a INSTRUMENTOS MUSICALES | ||
| 653 | |a NIVEL PRIMARIO | ||
| 653 | |a NIVEL SECUNDARIO | ||
| 859 | |a CEMS |b BIB. CEMS - Depto. Recursos Didacticos |h 537 |i TVQ |k DRD |p 1101.12 |t Ej.1 | ||
